Mikroextrakčné techniky priateľské životnému prostrediu v kombinácii s chromatografickým stanovením organických látok

Salvato in:
Dettagli Bibliografici
Autore principale: Pócsová, Tamara (Autore)
Altri autori: Hrouzková, Svetlana (Relatore della tesi)
Natura: Manoscritto Libro
Lingua:slovacco
Pubblicazione: 2025
Soggetti:
Accesso online:http://is.stuba.sk/zp/portal_zp.pl?podrobnosti=171836
Tags: Aggiungi Tag
Nessun Tag, puoi essere il primo ad aggiungerne!!

MARC

LEADER 00000ntm a22000003a 4500
001 stuzp86787
003 SK-STU
005 20250830210414.1
007 ta
008 150427s2015----xo-----f-mn---000-0-slo-d
040 |a STU  |b slo 
041 0 |a slo 
100 1 |a Pócsová, Tamara  |u 041000  |4 aut  |U FCHPT Fakulta chemickej a potravinárskej technológie  |T FCHPT Ústav analytickej chémie  |X 88613  |U C1000  |Y 99  |7 88613 
242 0 1 |a Environmentally friendly microextraction techniques combined with chromatographic determination of organic compounds  |y eng 
245 1 0 |a Mikroextrakčné techniky priateľské životnému prostrediu v kombinácii s chromatografickým stanovením organických látok 
260 |c 2025 
650 4 |a nitroaromatické látky  |2 slo 
650 4 |a výbušniny  |2 slo 
650 4 |a pesticídy  |2 slo 
650 4 |a flumetrín  |2 slo 
650 4 |a ťažké kovy  |2 slo 
650 4 |a extrakčné techniky  |2 slo 
650 4 |a chromatografické metódy  |2 slo 
650 4 |a Nitroaromatic compounds  |2 eng 
650 4 |a Explosives  |2 eng 
650 4 |a Pesticides  |2 eng 
650 4 |a Flumethrin  |2 eng 
650 4 |a Heavy metals  |2 eng 
650 4 |a Extraction techniques  |2 eng 
650 4 |a Chromatographic methods  |2 eng 
700 1 |a Hrouzková, Svetlana  |u 041000  |k Z1  |4 ths  |U FCHPT Fakulta chemickej a potravinárskej technológie  |T FCHPT Ústav analytickej chémie  |X 3892  |U C1000  |Y 99  |7 A000003892 
856 4 |u http://is.stuba.sk/zp/portal_zp.pl?podrobnosti=171836